01077 2200181 4500001002100000005001500021035002000036245006500056100001700121250001700138300002900155260004700184082001000231084001600241020002200257600001000279520060600289INLIS00000000000085820250110090431 a0010-01250000311 aWhy? Science Standards :bStandar Pengukuran /cYoungsun CHO0 aYoungsun CHO acetakan ke-1 a160 hlm :bIlus ;c20 cm aJakarta :bPT Elex Media Komputindo,c2019 a530.7 a530.7 YOU w a978-602-049-620-7 4asains a"Detik (s) sebagai satuan waktu, kilogram (kg) sebagai satuan berat, meter (m) sebagai satuan panjang, di mana-mana di seluruh dunia mempunyai standar yang sama. Seandainya standar itu berbeda-beda, tentu berbagai masalah akan timbul seperti sulitnya kita berdialog dengan orang-orang negara lain yang berbeda bahasanya. Di buku akan dijelaskan bagaimana standar itu ditetapkan, kenapa standar itu penting. bagaimana dan di mana standar itu digunakan, dan lain-lain. Nah, bagaimana kalau kita cari tahu langsung pentingnya standar yang telah diseragamkan? Teknologi pengukur suhu di berbagai bidang